Primárne emisie cenných papierov bakalárska práca

Gespeichert in:
Bibliographische Detailangaben
1. Verfasser: Daniš, Radovan
Körperschaft: Fakulta podnikového manažmentu EU. Katedra podnikových financií
Weitere Verfasser: Kmeťko, Miroslav, 1969-
Format: Buch
Sprache:Slowakisch
Veröffentlicht: Bratislava 2012
Tags: Tag hinzufügen
Keine Tags, Fügen Sie das erste Tag hinzu!

MARC

LEADER 00000nbm a2200000 4500
001 0153952
005 20161109111815.9
041 0 |a slo 
044 |a SK 
245 1 0 |a Primárne emisie cenných papierov  |b bakalárska práca  |c Radovan Daniš ; školiteľ: Miroslav Kmeťko 
264 1 |a Bratislava  |c 2012 
300 |a 69 s. 
100 1 |a Daniš, Radovan 
700 1 |a Kmeťko, Miroslav, 1969- 
710 2 |a Fakulta podnikového manažmentu EU. Katedra podnikových financií